000 00422nam a2200133Ia 4500
008 151001s9999||||xx |||||||||||||| ||und||
100 _aप्रभाकर पेंढारकर
245 _aएका स्टुडीओचे आत्मवृत्त
250 _a1
260 _bराजेंद्र प्रकाशन ठाणे
260 _c2009
300 _a196
365 _b22
999 _c996381
_d996378